II Premio Internacional de Poesía "Encina de la Cañada" (Record no. 180959)

MARC details
000 -LEADER
campo de control de longitud fija 00770nam a22002175i 4500
001 - NÚMERO DE CONTROL
campo de control 180959
003 - IDENTIFICADOR DE NÚMERO DE CONTROL
campo de control ES-MaACL
005 - FECHA Y HORA DE LA ÚLTIMA TRANSACCIÓN
campo de control 20240118210057.0
008 - DATOS DE LONGITUD FIJA--INFORMACIÓN GENERAL
campo de control de longitud fija 120912s1989 sp | |||| ||spa d
080 ## - NÚMERO DE LA CLASIFICACIÓN DECIMAL UNIVERSAL
Número de la Clasificación Decimal Universal 821.134.2-14"19"(082.2)
245 00 - MENCIÓN DEL TÍTULO
Título II Premio Internacional de Poesía "Encina de la Cañada"
Resto del título : poemas premiados /
Mención de responsabilidad, etc. [edición al cuidado de Juan Ruiz de Torres].
260 ## - PUBLICACIÓN, DISTRIBUCIÓN, ETC.
Lugar de publicación, distribución, etc. Madrid :
Nombre del editor, distribuidor, etc. Altorrey,
Fecha de publicación, distribución, etc. 1989.
300 ## - DESCRIPCIÓN FÍSICA
Extensión [24] p. ;
Dimensiones 20 cm.
490 1# - MENCIÓN DE SERIE
Mención de serie Nueva imagen
594 ## - Nota al título y mención de responsabilidad
Nota al título y mención de responsabilidad Precede al tít.: Ayuntamiento de Villanueva de la Cañada.
650 #4 - PUNTO DE ACCESO ADICIONAL DE MATERIA--TÉRMINO DE MATERIA
Término de materia o nombre geográfico como elemento de entrada Poesías españolas-
Subdivisión cronológica S.XX.
9 (RLIN) 16221
700 1# - ENTRADA AGREGADA--NOMBRE PERSONAL
Nombre de persona Ruiz de Torres, Juan,
Fechas asociadas al nombre 1931-2014
9 (RLIN) 155342
830 0# - PUNTO DE ACCESO ADICIONAL DE SERIE-TÍTULO UNIFORME
Título uniforme Nueva imagen
9 (RLIN) 188929
852 ## - LOCALIZACIÓN
Ubicación ES-MaACL
Número de control de estantería 2316-F-3
Holdings
Estatus retirado Estado de pérdida Estado de daño No para préstamo Colección Biblioteca de origen Biblioteca actual Ubicación en estantería Fecha de adquisición Fuente de adquisición Total de préstamos Signatura topográfica completa Código de barras Visto por última vez Precio de reemplazo Tipo de ítem Koha
        Colección de folletos Biblioteca del Ateneo de Madrid Biblioteca del Ateneo de Madrid Depósito folletos 12/09/2012     2316-F-3 1190157 23/02/2023 23/02/2023 Folleto